Vergil bei Dante : Beobachtungen zur Nachwirkung des sechsten Äneisbuches /

Main Author: Knittel, John, 1891-1970
Corporate Author: Universität Freiburg im Breisgau
Language: German
Published: Freiburg im Breisgau : Hermann Knittel, 1971
Physical Description: 127 s.
Book
Saved in:
LEADER 00771nam a22002172a 4500
001 000256769
003 CZ BrMZK
005 20090514152637.0
007 ta
008 950101s1971 gw f ger d
040 |a BOA001  |b cze 
100 1 |a Knittel, John,  |d 1891-1970  |7 jo20010093671  |4 dis 
245 1 0 |a Vergil bei Dante :  |b Beobachtungen zur Nachwirkung des sechsten Äneisbuches /  |c Hermann Knittel 
260 |a Freiburg im Breisgau :  |b Hermann Knittel,  |c 1971 
300 |a 127 s. 
502 |a Disertace -- Universität Freiburg im Breisgau, 1971 
710 2 |a Universität Freiburg im Breisgau  |7 ko2002150445 
910 |a BOA001  |b 1-0685.563 
990 |a BK 
991 |b 200905 
996 7 |b 2619889865  |c 1-0685.563  |l MZK  |r Sklad / do 1 hodiny  |n 2  |w 000256769  |u 000010  |a 1  |e BOA001  |j MZK50  |s A